000 01123nas a2200409 4500
001 BR2015000878
003 BR-BrBNA
005 20231205125128.0
007 ta
008 230509b bl.|||p| |||| 00| 00por d
040 _aBR-BrBNA
_bpor
_cBiblioteca Nacional de Agricultura
041 _a(En)
072 _aL10; Q04
100 1 _aBonim, M.N.
100 1 _aFerraz, J.B.S.
100 1 _aEler, J.P.
100 1 _aSilva, S.L.
100 1 _aRezende, F.M.
100 1 _aCucco, D.C.
100 1 _aCarvalho, M.E.
100 1 _aSilva, R.C.G.
100 1 _aOliveira, E.C.M.
245 1 _aCaracterísticas de carcaça e qualidade de carne em linhagens da raça Nelore
650 _aGADO NELORE
650 _aCARNE
650 _aQUALIDADE
650 _aLINHAGEM
650 _aRAÇA
650 _aGORDURA
650 _aESPESSURA
650 _aCURVA DE CRESCIMENTO
650 _aMODELO MATEMÁTICO
650 _aGENÓTIPO
773 0 _tCiência Rural (Brazil)
_xISSN 0103-8478
_g(Oct. 2014), v. 44(10) p.1860-1866
_wBR2015000878
909 _a202311
_bLúcia
_c55
_dLúcia Elande
942 _2AGRIS
_n0
_cANA
999 _c242797
_d242797